000 00558nam a2200181Ia 4500
008 090630s9999 xx 000 0 und d
082 _b14735
100 _aरायकर प्रतिभा.
245 _aदेवता.
_cरायकर प्रतिभा.
260 _bप्रिया.
_c1988
300 _a176
600 _aरायकर प्रतिभा.
630 _aदेवता.
655 _aकादंबरी.
700 _aरायकर प्रतिभा.
730 _aदेवता.
942 _cBOOK
999 _c266591
_d266591